[Event "TUN-ch sf"]
[White "Barrani, Adem"]
[Black "Ben Toumia, Ayoub"]
[Site "Monastir"]
[Round "8"]
[Result "0-1"]
[Date "2024.03.25"]
[WhiteElo "1752"]
[BlackElo "1488"]
[PlyCount "94"]
[EventDate "2024.03.21"]
[EventType "swiss"]
[EventRounds "9"]
[EventCountry "TUN"]
[SourceTitle "CBM 219 Extra"]
[Source "ChessBase"]
[SourceDate "2024.05.31"]
[SourceVersion "1"]
[SourceVersionDate "2024.05.31"]
[SourceQuality "1"]

1. d4 Nf6 2. Nc3 d5 3. Bf4 c5 4. e3 cxd4 5. exd4 Bg4 6. f3 Bd7 7. Bd3 Nc6 8. Nge2 Qb6 9. Bb5 e6 10. 0-0 Bb4 11. Rb1 0-0 12. Kh1 a6 13. Bd3 Rac8 14. a3 Be7 15. Na4 Qa7 16. Nac3 Na5 17. Qe1 Rfe8 18. g4 g6 19. Bg5 Qb6 20. Qh4 Qd8 21. Rg1 Bc6 22. Rg3 Nd7 23. Rh3 Bxg5 24. Qxh7+ Kf8 25. Bxg6 fxg6 26. f4 Bf6 27. g5 Bg7 28. f5 Qxg5 29. fxg6 Nf6 30. Rf1 Re7 31. Rh5 Qd2 32. Rh3 Ke8 33. Qh4 Kd7 34. Rxf6 Bxf6 35. Qxf6 Rg8 36. Nf4 Qf2 37. Nce2 Nc4 38. Rg3 Ne3 39. Ng1 Nf5 40. Rf3 Qxd4 41. Qg5 Qg7 42. Rd3 d4+ 43. Nf3 Ne3 44. Qg3 e5 45. Qh3+ Kc7 46. Qg3 exf4 47. Qxf4+ Qe5 0-1

[Event "TUN-ch sf"]
[White "Skhiri, Youssef"]
[Black "Barrani, Adem"]
[Site "Monastir"]
[Round "6"]
[Result "1-0"]
[Date "2024.03.24"]
[WhiteElo "1516"]
[BlackElo "1752"]
[PlyCount "35"]
[EventDate "2024.03.21"]
[EventType "swiss"]
[EventRounds "9"]
[EventCountry "TUN"]
[SourceTitle "CBM 219 Extra"]
[Source "ChessBase"]
[SourceDate "2024.05.31"]
[SourceVersion "1"]
[SourceVersionDate "2024.05.31"]
[SourceQuality "1"]

1. c4 g6 2. e4 e5 3. Nc3 Bg7 4. Nf3 c6 5. Be2 Ne7 6. d4 exd4 7. Nxd4 d5 8. cxd5 cxd5 9. exd5 Nxd5 10. Bb5+ Kf8 11. 0-0 Kg8 12. Re1 Nc7 13. Nf3 Qxd1 14. Rxd1 Bxc3 15. Bh6 Bf6 16. Re1 Be6 17. Rac1 Nxb5 18. Rc8+ 1-0

[Event "Arab-ch U20"]
[White "Barrani, Adem"]
[Black "Kareem, Hneidi"]
[Site "Baghdad"]
[Round "4"]
[Result "0-1"]
[Date "2022.03.12"]
[WhiteElo "1537"]
[BlackElo "1967"]
[PlyCount "80"]
[EventDate "2022.03.10"]
[EventType "tourn"]
[EventRounds "9"]
[EventCountry "IRQ"]
[SourceTitle "EXT 2023"]
[Source "ChessBase"]
[SourceDate "2022.10.05"]
[SourceVersion "1"]
[SourceVersionDate "2022.10.05"]
[SourceQuality "1"]

1. e4 g6 2. d4 Bg7 3. Nc3 c5 4. dxc5 Bxc3+ 5. bxc3 Qa5 6. Nf3 Qxc3+ 7. Bd2 Qxc5 8. Bd3 Nf6 9. 0-0 0-0 10. Rb1 d6 11. h3 Nbd7 12. Rb3 Qc7 13. Nd4 Nc5 14. Rc3 Bd7 15. f4 Bc6 16. Nxc6 Qxc6 17. Re1 Qb6 18. Kh1 Rac8 19. Be3 Qa5 20. Bd2 Qxa2 21. Bc4 Qb2 22. Qf3 Na4 23. Qd3 Nxc3 24. Bxc3 Qb6 25. Bb3 Qc5 26. Bd4 Qh5 27. e5 dxe5 28. Rxe5 Qh4 29. Qf3 Nh5 30. Be3 Rc3 31. f5 Ng3+ 32. Kh2 Nxf5 33. Re4 Qf6 34. Qf4 Rxe3 35. Rxe3 Nxe3 36. Qxe3 a5 37. Qa7 Qe5+ 38. Kg1 Rd8 39. Qxb7 a4 40. Bc4 Qd4+ 0-1

[Event "TUN-ch U20"]
[White "Skhiri, Youssef"]
[Black "Barrani, Adem"]
[Site "Monastir"]
[Round "9"]
[Result "0-1"]
[Date "2021.09.05"]
[WhiteElo "1111"]
[BlackElo "1481"]
[PlyCount "62"]
[EventDate "2021.09.01"]
[EventType "tourn"]
[EventRounds "9"]
[EventCountry "TUN"]
[SourceTitle "EXT 2023"]
[Source "ChessBase"]
[SourceDate "2022.10.05"]
[SourceVersion "1"]
[SourceVersionDate "2022.10.05"]
[SourceQuality "1"]

1. c4 b5 2. e4 bxc4 3. Bxc4 Bb7 4. Qb3 e6 5. Qxb7 Nc6 6. Qb3 Rb8 7. Qd1 Qg5 8. Qf3 Ne5 9. Qg3 Qxg3 10. hxg3 Nxc4 11. b3 Nb6 12. Nf3 Nf6 13. Nc3 Bb4 14. Bb2 0-0 15. d3 d5 16. Rh4 g5 17. Rh2 dxe4 18. Nxg5 Nbd5 19. Kd2 Rfd8 20. f3 Nxc3 21. Bxc3 Bxc3+ 22. Kxc3 Rxd3+ 23. Kc2 Rbd8 24. Rah1 Rd2+ 25. Kc1 e3 26. Nxh7 Nxh7 27. Rxh7 Rxa2 28. Rh8+ Kg7 29. Rxd8 Ra1+ 30. Kc2 Rxh1 31. Rd7 e2 0-1

[Event "Wch FIDE Online U18 Africa qual"]
[White "Beukes, Dante M"]
[Black "Barrani, Adem"]
[Site "Tornelo INT"]
[Round "6"]
[Result "1-0"]
[Date "2020.11.30"]
[WhiteElo "2129"]
[BlackElo "1396"]
[PlyCount "93"]
[EventDate "2020.11.28"]
[EventType "swiss (rapid)"]
[EventRounds "7"]
[EventCountry "ISS"]
[SourceTitle "EXT 2022"]
[Source "ChessBase"]
[SourceDate "2021.10.06"]
[SourceVersion "1"]
[SourceVersionDate "2021.10.06"]
[SourceQuality "1"]

1. e4 c5 2. Nf3 Nc6 3. Bb5 g6 4. 0-0 Bg7 5. c3 Nf6 6. Re1 0-0 7. d4 cxd4 8. cxd4 d5 9. e5 Ne4 10. Bxc6 bxc6 11. Nc3 Nxc3 12. bxc3 Qa5 13. a4 c5 14. Ba3 cxd4 15. Bxe7 Re8 16. Bb4 Qb6 17. Qxd4 Qxd4 18. cxd4 Bf5 19. Bd6 f6 20. Rec1 Be4 21. exf6 Bxf6 22. Ne5 Rad8 23. Bc7 Bxe5 24. Bxe5 Rc8 25. f3 Bd3 26. Kf2 a6 27. Ke3 Bc4 28. Rab1 Re7 29. Rb6 Kf7 30. Rcb1 Rce8 31. Rf6+ Kg8 32. h4 Rf7 33. Rd6 Rfe7 34. f4 Re6 35. Rxe6 Rxe6 36. Rb7 h5 37. Rg7+ Kf8 38. Rb7 Kg8 39. g3 Kf8 40. Kd2 Re7 41. Bd6 Kf7 42. Bxe7 Ke6 43. Ke3 Kf5 44. Bg5 Kg4 45. Rg7 Kf5 46. Rf7+ Ke6 47. Rf6+ 1-0

[Event "Wch FIDE Online U18 Africa qual"]
[White "Rajoarimanana, Fanahy Fortunat"]
[Black "Barrani, Adem"]
[Site "Tornelo INT"]
[Round "3"]
[Result "0-1"]
[Date "2020.11.29"]
[WhiteElo "1303"]
[BlackElo "1396"]
[PlyCount "68"]
[EventDate "2020.11.28"]
[EventType "swiss (rapid)"]
[EventRounds "7"]
[EventCountry "ISS"]
[SourceTitle "EXT 2022"]
[Source "ChessBase"]
[SourceDate "2021.10.06"]
[SourceVersion "1"]
[SourceVersionDate "2021.10.06"]
[SourceQuality "1"]

1. e4 Nf6 2. Nc3 d5 3. e5 Nfd7 4. d4 c6 5. f4 g6 6. Bd3 Bg7 7. f5 0-0 8. Nf3 b6 9. 0-0 Ba6 10. fxg6 fxg6 11. Ng5 Qc8 12. Rxf8+ Nxf8 13. Qf3 Qe8 14. Bd2 Bxd3 15. cxd3 h6 16. Nh3 Nbd7 17. Rf1 g5 18. Qf5 e6 19. Qf3 Ng6 20. Ne2 c5 21. Qh5 cxd4 22. Nxd4 Ndxe5 23. Qe2 Rc8 24. Bc3 Qd7 25. Kh1 Rf8 26. Rxf8+ Kxf8 27. g3 Qf7 28. Kg2 g4 29. Nf4 Nxf4+ 30. gxf4 Ng6 31. Nxe6+ Qxe6 32. Bxg7+ Kxg7 33. Qd2 d4 34. Qe2 Qxe2+ 0-1